Finanční vzdělávání 2.0

Povedomie bežných ľudí o tom, ako funguje finančný trh, sa za posledných 15 rokov významne zmenilo. Pred 15 rokmi bola finančná gramotnosť v začiatkoch, ľudia investovali prevažne jednorazovo a skôr do veľmi konzervatívnych inštrumentov. Úplná väčšina investícií smerovala do konzervatívnych investič...

Ausführliche Beschreibung

Gespeichert in:
Bibliographische Detailangaben
1. Verfasser: Brodani, Jana
Format: Buchkapitel
Sprache:Tschechisch
Schlagworte:
Tags: Tag hinzufügen
Keine Tags, Fügen Sie das erste Tag hinzu!

MARC

LEADER 00000naa a2200000 4500
001 0299846
005 20240417075309.9
041 0 |a cze 
044 |a CZ 
245 1 0 |a Finanční vzdělávání 2.0  |c Jana Brodani 
520 |a Povedomie bežných ľudí o tom, ako funguje finančný trh, sa za posledných 15 rokov významne zmenilo. Pred 15 rokmi bola finančná gramotnosť v začiatkoch, ľudia investovali prevažne jednorazovo a skôr do veľmi konzervatívnych inštrumentov. Úplná väčšina investícií smerovala do konzervatívnych investičných fondov a pre bežného človeka bolo investovanie do akcií skôr nepredstaviteľné. 
610 2 0 |a vzdelávanie 
610 2 0 |a financie 
610 2 0 |a gramotnosť finančná 
610 2 0 |a investície 
610 2 0 |a fondy investičné 
610 2 0 |a akcie 
610 2 0 |a trh finančný 
610 2 0 |a vývoj 
100 1 |a Brodani, Jana